Letters to Pi - Statistics

General Stats
  • This quiz has been taken 40 times
  • The average score is 19 of 49
Answer Stats
Number Letter % Correct
3. C
96%
1 A
93%
4 D
93%
1 A
89%
5 E
89%
9 I
85%
2 B
81%
3 C
78%
5 E
78%
6 F
78%
5 E
74%
8 H
74%
9 I
74%
7 G
70%
9 I
70%
2 B
67%
3 C
67%
3 C
63%
8 H
56%
4 D
48%
2 B
41%
6 F
41%
6 F
33%
3 C
30%
3 C
26%
4 D
26%
3 C
19%
8 H
19%
2 B
15%
5 E
15%
9 I
15%
2 B
11%
7 G
11%
1 A
7%
4 D
7%
7 G
7%
8 H
7%
8 H
7%
9 I
7%
1 A
4%
1 A
0%
3 C
0%
3 C
0%
5 E
0%
6 F
0%
7 G
0%
9 I
0%
9 I
0%
9 I
0%
No matching quizzes found
Score Distribution
Percent of People with Each Score
Percentile by Number Answered
Your Score History
You have not taken this quiz